000 01045nam a22002417a 4500
003 NALT
005 20230407142737.0
008 220517b th ||||| |||| 00| 0 tha d
020 _a9786167073453
040 _aNALT
090 _aAG 750.M56
_bร421พ 2554
110 2 _aราชบัณฑิตยสถาน
_94278
245 1 0 _aพจนานุกรมศัพท์แร่และอัญมณี ฉบับราชบัณฑิตยสถาน /
_cราชบัณฑิตยสถาน.
250 _aพิมพ์ครั้งที่ 2
260 _aกรุงเทพฯ :
_bราชบัณฑิตยสถาน,
_c2554.
300 _a271 หน้า :
_bภาพประกอบ ;
_c21 ซม.
610 _aราชบัณฑิตยสถาน
650 4 _aอัญมณี
_958043
_xพจนานุกรม
650 4 _aแร่
_938786
_xศัพท์บัญญัติ
850 _aNALT
942 _cREF
_2local
996 _akornsiririn.r
_bCATSTF
_c2023-03-30
999 _c100110
_d100110
998 _j25
_k นีลวัสน์ อินทรักษา